000 00635nam a22001337a 4500
008 110623t xxu||||| |||| 00| 0 eng d
010 _aHCCSF95
245 _aHigh Court Civil Suit No. 405 OF 2002 David Kasingwire Vs Standard Chartered Bank(U) LTD
260 _c2002
500 _aBefore: THE HON. LADY JUSTICE M.S. ARACH-AMOKO
999 _c3801
_d3801